000
00189 a2200097 4500
001
5920
100
_a
Marti
245
_a
Geometrical option
260
_a
_b
Pitman
_c
090
_c
4832
_d
4832
942
_a
NUST-CAE
_c
M
_c
31192
999
_c
240993
_d
240993